[Event "Tournoi Skype 009"]
[Site "Skype"]
[Date "????.??.??"]
[Round "3.7"]
[White "Le Brun, Yves"]
[Black "Lambert, Pierre"]
[Result "0-1"]
[WhiteElo "1608"]
[BlackElo "1862"]
[PlyCount "98"]

1. d4 Nf6 2. c4 g6 3. Nf3 Bg7 4. Nc3 O-O 5. e4 d6 6. Be2 Nbd7 7. h3 c5 8. Be3
Qa5 9. O-O Re8 10. Qc2 cxd4 11. Nxd4 Ne5 12. Nb3 Qd8 13. Nd5 Bd7 14. Nxf6+ Bxf6
15. Rad1 Qc8 16. Kh2 Be6 17. Nd2 Nc6 18. Rfe1 Nd4 19. Qc1 Nxe2 20. Rxe2 Qc7 21.
f4 Rec8 22. b3 Qa5 23. Nf3 b5 24. Bd2 Qa6 25. e5 Bg7 26. Re3 bxc4 27. b4 d5 28.
Nd4 Bd7 29. Ra3 Qb7 30. Qc3 e6 31. Ra5 Bf8 32. b5 Bc5 33. Rb1 Bb6 34. Ra6 Rc5
35. Qb4 Qc7 36. Bc3 Bc8 37. Rxb6 axb6 38. a4 Bd7 39. Ra1 Qc8 40. a5 bxa5 41.
Rxa5 Rxa5 42. Qxa5 Qb8 43. Bb4 Rc8 44. Bd6 Qa8 45. Qb4 c3 46. b6 Qb7 47. Bc5
Bc6 48. Qxc3 Bd7 49. Nb3 Qxb6 0-1

[Event "Tournoi Skype 009"]
[Site "Skype"]
[Date "????.??.??"]
[Round "3.8"]
[White "Chaignet, Lucas"]
[Black "Jacquelin, Norbert"]
[Result "0-1"]
[WhiteElo "1373"]
[BlackElo "1816"]
[PlyCount "64"]

1. e4 Nf6 2. e5 Nd5 3. c4 Nb6 4. d4 d6 5. f4 dxe5 6. fxe5 Nc6 7. Nf3 Bg4 8. Be3
e6 9. Nc3 Be7 10. Ne4 Bxf3 11. gxf3 Bh4+ 12. Ng3 O-O 13. Qd2 f6 14. f4 fxe5 15.
fxe5 Qe7 16. a3 Rad8 17. b4 Nxe5 18. Qc2 Nf3+ 19. Kd1 Nxd4 20. Bxd4 Rxd4+ 21.
Kc1 Bg5+ 22. Kb1 Rd2 23. Qb3 Rff2 24. c5 Rb2+ 25. Qxb2 Rxb2+ 26. Kxb2 Bf6+ 27.
Ka2 Bxa1 28. Kxa1 Qf6+ 29. Ka2 Nd5 30. Bc4 Qf2+ 31. Kb3 Qe3+ 32. Kb2 Qc3+ 0-1

[Event "Tournoi Skype 009"]
[Site "Skype"]
[Date "????.??.??"]
[Round "3.9"]
[White "Plourde, Alain"]
[Black "Bourdeau, Yvan"]
[Result "1-0"]
[WhiteElo "1828"]
[BlackElo "1662"]
[PlyCount "83"]

1. d4 Nf6 2. c4 e5 3. dxe5 Ng4 4. Nf3 Bc5 5. e3 Nc6 6. Nc3 Ngxe5 7. Nxe5 Nxe5
8. Be2 d6 9. O-O Be6 10. b3 Qd7 11. Bb2 f6 12. Ne4 O-O-O 13. Nxc5 dxc5 14.
Qxd7+ Nxd7 15. Rad1 Ne5 16. Bxe5 fxe5 17. f4 Rxd1 18. Rxd1 exf4 19. exf4 Rd8
20. Rxd8+ Kxd8 21. Kf2 Bf5 22. Bd1 a5 23. Ke3 Ke7 24. Kd2 c6 25. Bc2 Bxc2 26.
Kxc2 b5 27. a4 bxa4 28. bxa4 Kf6 29. Kd3 Kf5 30. Ke3 h6 31. Kf3 g6 32. g4+ Kf6
33. Ke4 Ke6 34. f5+ gxf5+ 35. gxf5+ Kf6 36. Kf4 h5 37. h3 h4 38. Kg4 Ke5 39.
Kxh4 Kxf5 40. Kg3 Ke4 41. h4 Kf5 42. Kf3 1-0

3. Kf3 1-0

[Event "Tournoi Skype 009"]
[Site "Skype"]
[Date "????.??.??"]
[Round "3.10"]
[White "Engstrom, Olle"]
[Black "Trivedi, Viral"]
[Result "1/2-1/2"]
[WhiteElo "1593"]
[BlackElo "1464"]
[PlyCount "93"]

1. e4 e5 2. Nf3 Nc6 3. Bc4 Bc5 4. c3 Qe7 5. d4 exd4 6. O-O dxc3 7. Nxc3 d6 8.
Nd5 Qd7 9. Ng5 Ne5 10. Bb3 c6 11. Ne3 h6 12. Qh5 Nf6 13. Bxf7+ Nxf7 14. Qg6
hxg5 15. Nf5 Nxe4 16. Nxg7+ Kf8 17. Qxe4 Kxg7 18. b4 Re8 19. Bb2+ Kf8 20. Qg6
Ne5 21. Qh6+ Qg7 22. Qxg7+ Kxg7 23. bxc5 dxc5 24. Rfe1 Bh3 25. Bxe5+ Kg6 26.
gxh3 Rad8 27. Bc7 Rxe1+ 28. Rxe1 Rd2 29. a4 Kh5 30. a5 c4 31. Rc1 Kh4 32. Kg2
Rd4 33. Be5 Re4 34. Bg3+ Kh5 35. Rc3 b5 36. axb6 axb6 37. Bd6 g4 38. hxg4+
Rxg4+ 39. Kf3 Rd4 40. Be5 Rd3+ 41. Rxd3 cxd3 42. Ke3 Kg4 43. Kxd3 c5 44. Kc4
Kf5 45. f4 Kg4 46. Kd3 Kh3 47. Kc2 1/2-1/2

[Event "Tournoi Skype 009"]
[Site "Skype"]
[Date "????.??.??"]
[Round "3.11"]
[White "Gharbi, Said"]
[Black "De Leener, Luc"]
[Result "0-1"]
[WhiteElo "1406"]
[BlackElo "1662"]
[PlyCount "74"]

1. e4 c5 2. c4 Nc6 3. Nf3 d6 4. d4 cxd4 5. Nxd4 Nf6 6. Nc3 Bd7 7. Be2 e6 8. Be3
a6 9. O-O Be7 10. Qb3 Rb8 11. Rad1 O-O 12. a3 Re8 13. Qa2 Qc7 14. b4 e5 15. Nf5
Bxf5 16. exf5 Qd7 17. c5 d5 18. Bc4 Qxf5 19. Bxd5 Nxd5 20. Rxd5 Rbd8 21. Rfd1
Qc8 22. Ne4 Kf8 23. Nd6 Bxd6 24. cxd6 Qd7 25. Bb6 Re6 26. Bxd8 Nxd8 27. Qc2 g6
28. Qc7 Qe8 29. d7 Qe7 30. Qc5 f6 31. Rd6 Kf7 32. Qb6 Rxd6 33. Rxd6 e4 34. Qd4
f5 35. Qd5+ Kf8 36. Re6 Qxe6 37. Qxb7 Nxb7 0-1

[Event "Tournoi Skype 009"]
[Site "Skype"]
[Date "????.??.??"]
[Round "3.12"]
[White "Casey, Eamonn"]
[Black "Janssen, Gerard"]
[Result "1-0"]
[WhiteElo "1399"]
[BlackElo "1647"]
[PlyCount "77"]

1. d4 d5 2. c4 e6 3. Nc3 Nf6 4. Bg5 c5 5. e3 cxd4 6. exd4 Be7 7. Nf3 a6 8. cxd5
Nxd5 9. Bxe7 Nxe7 10. Bd3 Nbc6 11. Ne2 Qa5+ 12. Qd2 O-O 13. Qxa5 Nxa5 14. Rc1
Nd5 15. O-O Nc6 16. a3 Nce7 17. Nc3 Nf4 18. Bb1 b5 19. Rfe1 Bb7 20. Ne4 Rfd8
21. Rc7 Bxe4 22. Bxe4 Nfd5 23. Rxe7 Nxe7 24. Bxa8 Rxa8 25. Rc1 f6 26. Rc7 Kf8
27. Kf1 g5 28. h3 h5 29. g4 hxg4 30. hxg4 Nd5 31. Rc6 Ke7 32. Nd2 Kd7 33. Rc5
Rh8 34. Nf3 Nf4 35. Kg1 Rh3 36. Nd2 Rd3 37. Ne4 Nd5 38. Rxd5+ exd5 39. Nc5+ 1-0

[Event "Tournoi Skype 009"]
[Site "Skype"]
[Date "????.??.??"]
[Round "3.14"]
[White "Dubois, Real"]
[Black "Belouin, Alexis"]
[Result "1-0"]
[WhiteElo "1534"]
[BlackElo "1399"]
[PlyCount "73"]

1. d4 e6 2. c4 c6 3. Nf3 Nf6 4. e3 c5 5. Nc3 cxd4 6. exd4 Qa5 7. Bd3 h6 8. Qc2
g5 9. h3 Nc6 10. Qb1 e5 11. d5 Nd4 12. Nxe5 Bg7 13. Bd2 Nh5 14. Nf3 Nxf3+ 15.
gxf3 Bxc3 16. Bxc3 Qd8 17. Bxh8 Qe7+ 18. Be4 d6 19. Bd4 Nf4 20. Be3 Nxh3 21.
Qc2 b6 22. O-O-O h5 23. Bf5 Nf4 24. Bxf4 gxf4 25. Bxc8 Rxc8 26. Rxh5 b5 27.
Rh8+ Kd7 28. Rxc8 Kxc8 29. cxb5+ Kb7 30. Qc6+ Kb8 31. Kb1 Qe2 32. Qxd6+ Kb7 33.
Rc1 Qe8 34. Rc7+ Ka8 35. Re7 Qg8 36. Qc6+ Kb8 37. Qb7# 1-0

[Event "Tournoi Skype 009"]
[Site "Skype"]
[Date "????.??.??"]
[Round "3.15"]
[White "Mordaa, Ahmad"]
[Black "Fouquereau, Andre"]
[Result "0-1"]
[WhiteElo "1399"]
[BlackElo "1496"]
[PlyCount "76"]

1. e4 e5 2. Nf3 d6 3. Bc4 Be7 4. d3 Bg4 5. h3 Bh5 6. c3 Nf6 7. Be3 Nbd7 8. O-O
O-O 9. Nbd2 c6 10. Bb3 Qc7 11. Qc2 Nc5 12. Bxc5 dxc5 13. a4 Rad8 14. Rfe1 b5
15. axb5 cxb5 16. Nh2 Bd6 17. Nhf1 a5 18. Ne3 a4 19. Bd5 Nxd5 20. Nxd5 Qb7 21.
Nf1 Bg6 22. Ng3 f5 23. b3 f4 24. Nf1 f3 25. bxa4 Qf7 26. g3 Bf5 27. g4 Be6 28.
Nfe3 h5 29. Nf5 hxg4 30. hxg4 Bxd5 31. exd5 Qg6 32. Ne3 Qh6 33. Reb1 Qh3 34.
Qd1 e4 35. dxe4 Bh2+ 36. Kh1 Bg3+ 37. Kg1 Qh2+ 38. Kf1 Qxf2# 0-1

[Event "Tournoi Skype 009"]
[Site "Skype"]
[Date "????.??.??"]
[Round "3.16"]
[White "Malbec, Robert"]
[Black "Meaney, Mike"]
[Result "0-1"]
[WhiteElo "1487"]
[BlackElo "1399"]
[PlyCount "72"]

1. e4 e6 2. d4 d5 3. e5 c5 4. c3 Nc6 5. Nf3 Be7 6. Bb5 Bd7 7. O-O a6 8. Bxc6
Bxc6 9. Be3 c4 10. h3 h6 11. Nbd2 a5 12. b3 b5 13. Nh2 a4 14. Qg4 Bg5 15. b4 f5
16. Qg3 Qe7 17. Bxg5 hxg5 18. Ndf3 Rh5 19. Nxg5 Rxg5 20. Qh4 Rxg2+ 21. Kxg2
Qxh4 22. Rfe1 O-O-O 23. Re3 f4 24. Nf3 Qh5 25. Ree1 Ne7 26. Rh1 Rh8 27. Rh2 Rh6
28. Rg1 Rg6+ 29. Kf1 Rxg1+ 30. Nxg1 Be8 31. f3 Bg6 32. Kf2 Bd3 33. Kg2 Nf5 34.
Kh1 Qh4 35. Rg2 Bf1 36. Rg6 Qf2 0-1

[Event "Tournoi Skype 009"]
[Site "Skype"]
[Date "????.??.??"]
[Round "3.17"]
[White "Steenkamp, Brandt"]
[Black "L'Herbon De Lussats, Jean"]
[Result "0-1"]
[WhiteElo "1399"]
[BlackElo "1479"]
[PlyCount "26"]

1. e4 c5 2. Nf3 Nc6 3. d4 cxd4 4. Nxd4 e5 5. Nb5 Nf6 6. N1c3 Bb4 7. Bg5 Qb6 8.
Be3 Qa5 9. f3 O-O 10. Kf2 a6 11. a4 axb5 12. axb5 Qxa1 13. Qxa1 Rxa1 0-1

[Event "Tournoi Skype 009"]
[Site "Skype"]
[Date "????.??.??"]
[Round "3.18"]
[White "Loyarte, Frederic"]
[Black "Ryan, Lea"]
[Result "1-0"]
[WhiteElo "1473"]
[BlackElo "1399"]
[PlyCount "53"]

1. e4 c5 2. Nc3 d6 3. Bc4 a6 4. d4 cxd4 5. Qxd4 Nc6 6. Qd1 Nf6 7. Nf3 g6 8. O-O
Bg7 9. Re1 O-O 10. Qd3 b5 11. Bb3 Bg4 12. Ne2 Rc8 13. Ned4 Nxd4 14. Nxd4 Re8
15. f3 Bd7 16. Bg5 e5 17. Ne2 Bc6 18. Rad1 Bf8 19. c4 Rb8 20. c5 d5 21. Bxf6
Qxf6 22. Bxd5 Bxc5+ 23. Kf1 Bxd5 24. Qxd5 Qb6 25. Nc3 Bg1 26. Qd2 Qf2+ 27. Qxf2
1-0

[Event "Tournoi Skype 009"]
[Site "Skype"]
[Date "????.??.??"]
[Round "3.19"]
[White "Saidi, Bhen"]
[Black "Coruble, Didier"]
[Result "1-0"]
[WhiteElo "1467"]
[BlackElo "1398"]
[PlyCount "67"]

1. d4 d5 2. c4 b6 3. e4 dxe4 4. Nc3 Bb7 5. d5 Nf6 6. Bg5 h6 7. Bxf6 exf6 8.
Nxe4 Qe7 9. Qe2 f5 10. Nc3 Qxe2+ 11. Bxe2 Be7 12. Nf3 f6 13. O-O O-O 14. Nh4
Bd6 15. Nxf5 Be5 16. Ne7+ Kf7 17. Nf5 Bc8 18. Bd3 Nd7 19. Nh4 g5 20. Bg6+ Kg7
21. Be4 Nc5 22. Nf5+ Bxf5 23. Bxf5 a6 24. Rab1 Rad8 25. Rfe1 Nb7 26. Be4 Nd6
27. Bd3 Ra8 28. Ne4 Nxe4 29. Bxe4 Bd6 30. g3 Rfe8 31. Bf3 Re5 32. Rxe5 Bxe5 33.
d6 Bxd6 34. Bxa8 1-0

[Event "Tournoi Skype 009"]
[Site "Skype"]
[Date "????.??.??"]
[Round "3.20"]
[White "Antonic, Nenad"]
[Black "Gabriele, Noel"]
[Result "1-0"]
[WhiteElo "1466"]
[BlackElo "1273"]
[PlyCount "35"]

1. d4 d5 2. e3 Nf6 3. Bd3 e6 4. Nf3 a6 5. Nbd2 Nc6 6. c3 Bd6 7. O-O O-O 8. e4
Re8 9. e5 Be7 10. exf6 Bxf6 11. Re1 e5 12. dxe5 Bxe5 13. Nxe5 Nxe5 14. Bc2 Qf6
15. Re3 Be6 16. Nf3 Ng4 17. Re1 Rad8 18. Bg5 1-0

[Event "Tournoi Skype 009"]
[Site "Skype"]
[Date "????.??.??"]
[Round "3.21"]
[White "Briere, Jean"]
[Black "Bucherie, Volcy"]
[Result "1-0"]
[WhiteElo "1457"]
[BlackElo "1210"]
[PlyCount "45"]

1. e4 d5 2. exd5 Qxd5 3. Nc3 Qa5 4. d4 c6 5. Nf3 Nf6 6. Bd3 Bg4 7. O-O Nbd7 8.
Re1 e6 9. Bd2 Bd6 10. Ne4 Qb6 11. Nxd6+ Ke7 12. Nc4 Bxf3 13. Qxf3 Qxd4 14. Rad1
Nc5 15. Bc3 Nxd3 16. Bxd4 Nxe1 17. Rxe1 Rad8 18. Bc5+ Ke8 19. Rd1 Rxd1+ 20.
Qxd1 Ne4 21. Nd6+ Nxd6 22. Qxd6 h5 23. Qe7# 1-0

[Event "Tournoi Skype 009"]
[Site "Skype"]
[Date "????.??.??"]
[Round "3.22"]
[White "Gerbaux, Regis"]
[Black "Belouin, Bruno"]
[Result "0-1"]
[WhiteElo "1337"]
[BlackElo "1456"]
[PlyCount "40"]

1. e4 e5 2. Nf3 Nc6 3. Bb5 a6 4. Bxc6 bxc6 5. Nxe5 Qg5 6. O-O Qxe5 7. Nc3 Bd6
8. g3 Nf6 9. d4 Qe6 10. d5 Qe7 11. Re1 O-O 12. e5 Bxe5 13. Bf4 d6 14. Bxe5 dxe5
15. dxc6 Rd8 16. Qe2 Re8 17. Rad1 Bh3 18. Nd5 Nxd5 19. Rxd5 f6 20. Rd7 Bxd7 0-1

[Event "Tournoi Skype 009"]
[Site "Skype"]
[Date "????.??.??"]
[Round "3.23"]
[White "Philibert, Andre"]
[Black "Khatanhar, Mohit"]
[Result "1-0"]
[WhiteElo "1243"]
[BlackElo "1450"]
[PlyCount "36"]

1. e4 e5 2. Nf3 d6 3. Bc4 Be7 4. Nc3 Bg4 5. h3 Bd7 6. d3 h6 7. Be3 Nf6 8. Qd2
Nc6 9. O-O O-O 10. Rad1 Qc8 11. Bxh6 Bxh3 12. Qg5 g6 13. Bxf8 Nh5 14. Bxe7 Bxg2
15. Kxg2 Nxe7 16. Rh1 Nf4+ 17. Kf1 Nc6 18. Qf6 Nh5 1-0

[Event "Tournoi Skype 009"]
[Site "Skype"]
[Date "????.??.??"]
[Round "3.24"]
[White "Rival, Jocelyn"]
[Black "Capdeville, Jean"]
[Result "0-1"]
[WhiteElo "1156"]
[BlackElo "1440"]
[PlyCount "96"]

1. e4 e5 2. Nf3 d6 3. Bb5+ c6 4. Ba4 Be6 5. O-O b5 6. Bb3 Bxb3 7. cxb3 Be7 8.
d3 h6 9. a4 a6 10. axb5 cxb5 11. Be3 Nc6 12. Qc2 Nd4 13. Bxd4 exd4 14. Nxd4 Bf6
15. Qc6+ Kf8 16. Nf5 Bxb2 17. Ra2 Be5 18. Ne3 Ne7 19. Qb7 Qc8 20. Qb6 f6 21. g4
Kf7 22. h3 Rd8 23. f4 Nc6 24. Rc2 Rb8 25. Qa7+ Rd7 26. Qxd7+ Qxd7 27. fxe5 Nxe5
28. Rd2 b4 29. d4 Nc6 30. d5 Ne5 31. Rc2 a5 32. Nc4 Nxc4 33. Rxc4 Rc8 34. Rfc1
Rxc4 35. Rxc4 Qd8 36. Rc6 Kg6 37. h4 h5 38. Kg2 hxg4 39. Kg3 Kh5 40. Rc2 f5 41.
Kf4 fxe4 42. Kxe4 Qxh4 43. Kf4 Qf6+ 44. Kg3 Qf3+ 45. Kh2 Kh4 46. Nd2 Qf2+ 47.
Kh1 Kh3 48. Ne4 Qf1# 0-1

[Event "Tournoi Skype 009"]
[Site "Skype"]
[Date "????.??.??"]
[Round "3.26"]
[White "Vincent, Andre"]
[Black "Duthoit, Bernard"]
[Result "0-1"]
[WhiteElo "1413"]
[BlackElo "1602"]
[PlyCount "90"]

1. Nf3 Nf6 2. g3 g6 3. d4 e6 4. Bg2 Bg7 5. e3 d5 6. O-O O-O 7. Nc3 Nc6 8. b3 b6
9. Re1 Re8 10. e4 dxe4 11. Nxe4 Nxe4 12. Rxe4 Bb7 13. Rg4 e5 14. Bb2 exd4 15.
Nxd4 Bxd4 16. Bxd4 Na5 17. Qd3 Bxg2 18. Kxg2 c5 19. Bc3 Qxd3 20. cxd3 Nc6 21.
h4 h5 22. Re4 f5 23. Re3 Rad8 24. Rae1 Rxe3 25. Rxe3 Kf7 26. Kf3 Ne7 27. Be5
Nd5 28. Re2 Nb4 29. d4 cxd4 30. Rd2 d3 31. Kg2 Nxa2 32. Bb8 Nc1 33. Bxa7 Nxb3
34. Bxb6 Nxd2 35. Bxd8 Nc4 36. Bg5 d2 37. Bxd2 Nxd2 38. f4 Kf6 39. Kf2 Ne4+ 40.
Kg2 Ke6 41. Kf3 Kd5 42. Kg2 Kd4 43. Kf3 Kd3 44. Kg2 Ke3 45. Kh3 Kf3 0-1

[Event "Tournoi Skype 009"]
[Site "Skype"]
[Date "????.??.??"]
[Round "3.27"]
[White "Galani, Mahendra"]
[Black "Porcabeuf, Jean-Marc"]
[Result "1-0"]
[WhiteElo "1399"]
[BlackElo "1302"]
[PlyCount "45"]

1. e4 e6 2. c4 d5 3. e5 c5 4. Nf3 Nc6 5. Be2 d4 6. d3 Nge7 7. O-O Ng6 8. Qe1 b6
9. Bd1 Be7 10. Ba4 Bb7 11. Qe4 Kf8 12. Bxc6 Bxc6 13. Qxc6 Rc8 14. Qe4 Kg8 15.
Nbd2 Qc7 16. Re1 Rf8 17. h3 f6 18. exf6 Rxf6 19. Ng5 Rf4 20. Qxe6+ Kf8 21. Nde4
Bxg5 22. Nxg5 Rf6 23. Qe8# 1-0

[Event "Tournoi Skype 009"]
[Site "Skype"]
[Date "????.??.??"]
[Round "3.28"]
[White "Grasset, Xavier"]
[Black "Armingaud, Jean-Claude"]
[Result "1-0"]
[WhiteElo "1399"]
[BlackElo "1246"]
[PlyCount "33"]

1. Nf3 d5 2. h3 c5 3. d4 e6 4. dxc5 Bxc5 5. e3 Nc6 6. c3 b5 7. Bxb5 Qd7 8. Na3
Nge7 9. b4 Bd6 10. Nd4 Be5 11. Rb1 Qc7 12. Qa4 O-O 13. Nxc6 Bxc3+ 14. Bd2 Bxd2+
15. Kxd2 Nxc6 16. Bxc6 Rd8 17. Bxa8 1-0

[Event "Tournoi Skype 009"]
[Site "Skype"]
[Date "????.??.??"]
[Round "3.29"]
[White "Dupere, Francois"]
[Black "Lequeux, Pierre"]
[Result "1-0"]
[WhiteElo "1180"]
[BlackElo "1399"]
[PlyCount "95"]

1. e4 e5 2. Bc4 d6 3. c3 c6 4. Qb3 d5 5. exd5 cxd5 6. Bb5+ Nd7 7. Qxd5 a6 8.
Qxe5+ Qe7 9. Bxd7+ Bxd7 10. Nf3 f6 11. Qxe7+ Bxe7 12. O-O Bb5 13. Re1 Bc6 14.
Nd4 O-O-O 15. Ne6 Bc5 16. Nxc5 Rd5 17. Ne6 Nh6 18. d4 Ng4 19. h3 Nh6 20. Nxg7
Rg8 21. Bxh6 Rh5 22. Nxh5 Bxg2 23. Kh2 Bf3 24. Nf4 f5 25. Nd2 Bc6 26. Rg1 Rd8
27. Nc4 b5 28. Bg5 Rd7 29. Nb6+ Kc7 30. Nxd7 Bxd7 31. Bh6 a5 32. Rg7 Kd6 33.
Rag1 a4 34. R1g6+ Kc7 35. Nd5+ Kd8 36. Rg8+ Be8 37. Bg5+ Kd7 38. Nf6+ Ke6 39.
Rxe8+ Kf7 40. Reg8 h5 41. d5 b4 42. cxb4 a3 43. bxa3 h4 44. b5 f4 45. b6 f3 46.
b7 Ke7 47. Nh5+ Kf7 48. R6g7# 1-0

[Event "Tournoi Skype 009"]
[Site "Skype"]
[Date "????.??.??"]
[Round "3.31"]
[White "Gagnon, Sindy"]
[Black "Hague, Mark"]
[Result "0-1"]
[WhiteElo "1029"]
[BlackElo "1389"]
[PlyCount "58"]

1. e4 c5 2. d3 g6 3. g3 d6 4. Bg2 Bg7 5. c3 Nc6 6. f4 e6 7. h3 Nge7 8. Nf3 a6
9. d4 cxd4 10. cxd4 Qb6 11. Be3 Qxb2 12. Nbd2 Qa3 13. O-O Qxe3+ 14. Rf2 Nxd4
15. g4 O-O 16. f5 Nxf3+ 17. Kf1 Nxd2+ 18. Rxd2 Bxa1 19. h4 Be5 20. h5 Qg5 21.
Ke2 Qxg4+ 22. Bf3 Qf4 23. Rc2 Bd7 24. Qg1 exf5 25. Qg2 fxe4 26. Bxe4 Bg4+ 27.
Ke1 Bxh5 28. Bd5 Rac8 29. Rb2 Rc1# 0-1

[Event "Tournoi Skype 009"]
[Site "Skype"]
[Date "????.??.??"]
[Round "3.32"]
[White "Marty, Yvette"]
[Black "Raheja, Shiv"]
[Result "0-1"]
[WhiteElo "1000"]
[BlackElo "1344"]
[PlyCount "34"]

1. e4 c5 2. c4 e6 3. Nf3 Nc6 4. Nc3 Nf6 5. d3 Ng4 6. h3 Nge5 7. Bf4 Ng6 8. Qd2
d6 9. Be2 e5 10. Bg5 Be7 11. Bxe7 Qxe7 12. O-O Nf4 13. Bd1 Qf6 14. Nb5 O-O 15.
Nc7 Rb8 16. b4 Qg6 17. Re1 Qxg2# 0-1

[Event "Tournoi Skype 009"]
[Site "Skype"]
[Date "????.??.??"]
[Round "3.33"]
[White "Vervoort, Jean-Louis"]
[Black "Coude, Josue"]
[Result "1-0"]
[WhiteElo "1290"]
[BlackElo "1178"]
[PlyCount "83"]

1. e4 e5 2. d4 d6 3. d5 Nf6 4. Nc3 Bg4 5. Nf3 Be7 6. Be2 O-O 7. O-O Qd7 8. h3
Bh5 9. Be3 c6 10. Ng5 Bxe2 11. Qxe2 h6 12. Nf3 Rc8 13. Rad1 c5 14. b3 Na6 15.
Rd2 Nb4 16. a3 Na6 17. Qd3 Nh7 18. Ne2 Ng5 19. Bxg5 hxg5 20. g4 g6 21. c4 Kg7
22. Kg2 Rh8 23. Rh1 Rh7 24. Nfg1 f5 25. f3 f4 26. Rd1 Rf8 27. Nc3 Qc7 28. Rh2
Qa5 29. a4 Qb4 30. Na2 Qxb3 31. Qxb3 Nb4 32. Nxb4 cxb4 33. Qxb4 b6 34. a5 bxa5
35. Qxa5 Ra8 36. Rb1 Bd8 37. Qb5 a6 38. Qb7+ Bc7 39. Qxa8 a5 40. Rb7 Rh8 41.
Rxc7+ Kf6 42. Qxh8# 1-0

[Event "Tournoi Skype 009"]
[Site "Skype"]
[Date "????.??.??"]
[Round "3.34"]
[White "Martin, Elise"]
[Black "Baker, Abi"]
[Result "0-1"]
[WhiteElo "1260"]
[BlackElo "1000"]
[PlyCount "44"]

1. d4 d5 2. c4 e6 3. e3 Nf6 4. Nc3 Bb4 5. Bd2 O-O 6. Nf3 Nbd7 7. Qc2 b6 8. Bd3
Ne4 9. O-O f5 10. Bxe4 dxe4 11. Ne1 Bb7 12. Qb3 Qe7 13. Nc2 a5 14. a3 Bxc3 15.
Bxc3 Qh4 16. c5 Ba6 17. Qxe6+ Rf7 18. Rfd1 bxc5 19. Qc6 Rb8 20. Qxa6 Nf6 21.
dxc5 Ng4 22. Rf1 Qxh2# 0-1

[Event "Tournoi Skype 009"]
[Site "Skype"]
[Date "????.??.??"]
[Round "4.1"]
[White "Hervais, Adrien"]
[Black "Hilton, Stephen"]
[Result "1/2-1/2"]
[WhiteElo "2063"]
[BlackElo "1918"]
[PlyCount "47"]

1. e4 c5 2. Nf3 a6 3. c4 e6 4. d4 cxd4 5. Nxd4 Qc7 6. Nc3 Nf6 7. Be3 Bb4 8. Bd3
Nc6 9. O-O Bxc3 10. bxc3 Ne5 11. Bf4 d6 12. Bg3 O-O 13. Qe2 Bd7 14. f4 Nxd3 15.
Qxd3 Bc6 16. e5 dxe5 17. fxe5 Ne4 18. Nxc6 Nxg3 19. Qxg3 Qxc6 20. Rab1 Rac8 21.
Rf3 Rcd8 22. Qf4 f6 23. Re1 Qc5+ 24. Qe3 1/2-1/2

[Event "Tournoi Skype 009"]
[Site "Skype"]
[Date "????.??.??"]
[Round "4.2"]
[White "Lambert, Pierre"]
[Black "Ayotte, Jocelyn"]
[Result "1-0"]
[WhiteElo "1862"]
[BlackElo "2046"]
[PlyCount "147"]

1. e4 c5 2. Nf3 d6 3. Bb5+ Nc6 4. O-O Bd7 5. Re1 g6 6. d4 Bg7 7. Be3 Qb6 8. Nc3
cxd4 9. Bxc6 bxc6 10. Bxd4 Bxd4 11. Qxd4 Qxd4 12. Nxd4 e5 13. Nb3 f5 14. Rad1
Ke7 15. f4 fxe4 16. Nxe4 d5 17. Nec5 e4 18. Nxd7 Kxd7 19. Rxe4 Nf6 20. Re2 Rhe8
21. Rde1 Rxe2 22. Rxe2 Ne4 23. g3 Kd6 24. Kg2 Rb8 25. c3 Nc5 26. Nxc5 Kxc5 27.
Kf3 a5 28. Ke3 Rf8 29. Kd3 Rf5 30. Re5 Rf7 31. b3 Ra7 32. a3 Kd6 33. h4 Rb7 34.
b4 axb4 35. axb4 Ra7 36. h5 gxh5 37. Rxh5 Rg7 38. Rh6+ Kc7 39. Rh3 Kb6 40. Kd4
Re7 41. Rh2 Re4+ 42. Kd3 Re7 43. g4 Rf7 44. f5 c5 45. bxc5+ Kxc5 46. Rh6 Rg7
47. Rh4 Ra7 48. g5 Kd6 49. g6 hxg6 50. fxg6 Rg7 51. Rg4 Ke5 52. Rg5+ Kf6 53.
Rg2 Ke5 54. Ke3 Kf5 55. Kd4 Ke6 56. Rg3 Kd6 57. Rg5 Ke6 58. Rg3 Kd6 59. Ke3 Ke5
60. Rg5+ Kf6 61. Kf4 Ke6 62. Re5+ Kd6 63. Rg5 Ke6 64. Rg3 Kf6 65. Rg4 Re7 66.
g7 Re4+ 67. Kf3 Rxg4 68. Kxg4 Kxg7 69. Kg5 Kf8 70. Kf6 Ke8 71. Ke6 Kd8 72. Kxd5
Kc7 73. Kc5 Kd7 74. Kb6 1-0

[Event "Tournoi Skype 009"]
[Site "Skype"]
[Date "????.??.??"]
[Round "4.3"]
[White "Auger, Bertrand"]
[Black "Jacquelin, Norbert"]
[Result "1-0"]
[WhiteElo "1985"]
[BlackElo "1816"]
[PlyCount "67"]

1. Nf3 d5 2. g3 Nf6 3. Bg2 e6 4. c4 c5 5. O-O Be7 6. b3 O-O 7. Bb2 Nc6 8. cxd5
exd5 9. d4 cxd4 10. Nxd4 Ne4 11. Nd2 Nxd4 12. Bxd4 Bf5 13. Nf3 Bf6 14. Rc1 Qd6
15. Bxf6 Nxf6 16. Qd4 Be4 17. Rfd1 Rfd8 18. Ne5 Bxg2 19. Kxg2 Qa6 20. Rc2 Rac8
21. Rdc1 Rxc2 22. Rxc2 Qd6 23. f3 h6 24. Nd3 b6 25. b4 Qe7 26. Ne5 Re8 27. Nc6
Qb7 28. b5 Qa8 29. Qf4 Qb7 30. Nd4 Rc8 31. Rc6 Qd7 32. Nf5 Kf8 33. Rxc8+ Qxc8
34. Qd6+ 1-0

[Event "Tournoi Skype 009"]
[Site "Skype"]
[Date "????.??.??"]
[Round "4.4"]
[White "Deville, Olivier"]
[Black "Megelas, Florent"]
[Result "1-0"]
[WhiteElo "1931"]
[BlackElo "1660"]
[PlyCount "39"]

1. Nf3 d5 2. c4 e6 3. b3 Nf6 4. Bb2 c5 5. cxd5 Nxd5 6. g3 Nc6 7. Bg2 f6 8. O-O
Bd6 9. d4 O-O 10. Nc3 Nxc3 11. Bxc3 cxd4 12. Nxd4 Nxd4 13. Qxd4 Rb8 14. Rfd1
Bc7 15. Qxa7 Qe7 16. Rac1 e5 17. Ba5 Bd6 18. Bb4 Bxb4 19. Qxb8 Bg4 20. Qxb7 1-0

[Event "Tournoi Skype 009"]
[Site "Skype"]
[Date "????.??.??"]
[Round "4.5"]
[White "Murgia, Stefano"]
[Black "Plourde, Alain"]
[Result "1/2-1/2"]
[WhiteElo "1718"]
[BlackElo "1828"]
[PlyCount "75"]

1. e4 e5 2. Nf3 d6 3. d4 exd4 4. Nxd4 Nf6 5. Nc3 Be7 6. Bc4 O-O 7. O-O Nc6 8.
Nxc6 bxc6 9. Be3 Ng4 10. Bd2 Bf6 11. h3 Ne5 12. Bb3 Be6 13. Ne2 Re8 14. Bc3 Ng6
15. Qd3 Bxc3 16. Nxc3 Ne5 17. Qg3 Qf6 18. f4 Ng6 19. Rae1 Bxb3 20. axb3 a5 21.
e5 dxe5 22. Ne4 Qd8 23. f5 Nf4 24. f6 g6 25. Qh4 Qd4+ 26. Kh1 h5 27. g4 Qd7 28.
Rxf4 exf4 29. gxh5 Rxe4 30. Rxe4 Qd1+ 31. Qe1 Qxh5 32. Re8+ Rxe8 33. Qxe8+ Kh7
34. Qxf7+ Kh6 35. Qf8+ Kg5 36. Qc5+ Kxf6 37. Qxc6+ Kf5 38. Qc5+ 1/2-1/2

[Event "Tournoi Skype 009"]
[Site "Skype"]
[Date "????.??.??"]
[Round "4.6"]
[White "Saidi, Bhen"]
[Black "Harnandan, Sergio"]
[Result "0-1"]
[WhiteElo "1467"]
[BlackElo "1965"]
[PlyCount "44"]

1. e4 e5 2. d4 exd4 3. Qxd4 Nc6 4. Qd1 Nf6 5. Nc3 Bc5 6. a3 O-O 7. Nf3 Re8 8.
Bd3 d5 9. O-O dxe4 10. Nxe4 Nxe4 11. Bxe4 Qxd1 12. Rxd1 Rxe4 13. Bg5 Bg4 14. h3
Bxf3 15. gxf3 Re2 16. Be3 Bxe3 17. fxe3 Rxc2 18. b4 Ne5 19. Rf1 Rd8 20. f4 Rdd2
21. Rfc1 Nf3+ 22. Kf1 Rf2# 0-1

[Event "Tournoi Skype 009"]
[Site "Skype"]
[Date "????.??.??"]
[Round "4.7"]
[White "Trivedi, Viral"]
[Black "Legueltel, Daniel"]
[Result "1/2-1/2"]
[WhiteElo "1464"]
[BlackElo "1728"]
[PlyCount "85"]

1. e4 c5 2. Nf3 d6 3. Nc3 Nf6 4. Bc4 e6 5. O-O Nc6 6. Re1 Be7 7. Bb5 Bd7 8.
Bxc6 Bxc6 9. e5 Nd5 10. exd6 Bxd6 11. Ne4 Be7 12. d4 O-O 13. dxc5 Qa5 14. Bd2
Qb5 15. b3 Rad8 16. c4 Qa6 17. cxd5 Rxd5 18. Qc2 h6 19. b4 Rfd8 20. Nc3 Rf5 21.
b5 Bxb5 22. Nxb5 Qxb5 23. Be3 Bxc5 24. Bxc5 Rxc5 25. Qe2 Qa5 26. Rad1 Rdc8 27.
Nd4 Qc7 28. g3 a5 29. Nxe6 fxe6 30. Qxe6+ Qf7 31. Rd7 Qxe6 32. Rxe6 R8c7 33.
Rd8+ Kh7 34. h4 b5 35. Ra8 a4 36. g4 Rc8 37. Ra7 R8c7 38. Rxc7 Rxc7 39. a3 Rc3
40. Re5 Rxa3 41. Rxb5 Ra1+ 42. Kg2 Rc1 43. g5 1/2-1/2